[Event "Kvibergspelen 2018"]
[Site "Gothenburg"]
[Date "2018.04.20"]
[Round "2.19"]
[White "Myrene, Jon Kare"]
[Black "Wengholm, Anders"]
[Result "0-1"]
[WhiteElo "1886"]
[BlackElo "2158"]

1.e4 c5 2.Nf3 d6 3.d4 cxd4 4.Nxd4 Nf6 5.Nc3 e6 6.Bc4 Be7 7.Be3 O-O 8.f3 d5
9.exd5 Nxd5 10.Nxd5 exd5 11.Bb3 Nc6 12.O-O Re8 13.Kh1 Bf6 14.Qd2 Rxe3 15.
Nxc6 bxc6 16.Qxe3 Bxb2 17.Rae1 Be6 18.f4 g6 19.c3 Qf6 20.Rf3 Bf5 21.Re2 
Ba3 22.h3 Be4 23.Rf1 Qf5 24.Rd1 Bd6 25.Rf2 Re8 26.Kg1 Re7 27.Qg3 Bc5 28.c4
Bc2 29.Rc1 Bxb3 30.axb3 Re2 31.Rf1 Rxf2 32.Rxf2 Qb1+ 33.Kh2 Qe1 34.Rf3 
Qg1# 0-1

[Event "Kvibergspelen 2018"]
[Site "Gothenburg"]
[Date "2018.04.21"]
[Round "3.19"]
[White "Gonzalez, Emilio"]
[Black "Arman, Deniz"]
[Result "1/2-1/2"]
[WhiteElo "1921"]
[BlackElo "2359"]

1.c4 Nf6 2.Nf3 g6 3.g3 Bg7 4.Bg2 O-O 5.Nc3 d5 6.cxd5 Nxd5 7.O-O Nc6 8.d4 
Nb6 9.Be3 Nc4 10.Qb3 Nxe3 11.fxe3 e6 12.Rad1 Qe7 13.a3 b6 14.Ne5 Nxe5 15.
Bxa8 Ng4 16.Rd3 Ba6 17.Bf3 Bxd3 18.Bxg4 Ba6 19.Qa4 Bb7 20.Bf3 Bxf3 21.exf3
c5 22.Ne2 Qg5 23.f4 Qh5 24.Qc2 cxd4 25.Nxd4 Bxd4 26.exd4 Qd5 27.Rd1 h5 28.
Qc7 Qf3 29.Qc2 h4 30.Qd3 Qg4 31.Kg2 h3+ 32.Kf2 Rc8 33.d5 exd5 34.Qxd5 Rc2+
35.Rd2 Qc8 36.Kf3 Rc5 37.Qd8+ Qxd8 38.Rxd8+ Kg7 39.Rd2 f5 40.g4 Kf6 41.g5+
Ke6 42.Kg3 Rc4 43.Rf2 Re4 44.Kxh3 Kd5 45.Kg3 Kc4 46.h4 Re8 47.h5 Rh8 48.h6
Kb3 49.Re2 a5 50.Kf3 a4 51.Ke3 Re8+ 52.Kf3 Rh8 53.Re6 b5 54.Rxg6 Kxb2 55.
Rg7 Kxa3 56.h7 b4 57.g6 b3 58.Rg8 b2 59.Rxh8 b1=Q 60.Re8 Qh1+ 61.Kg3 Qg1+ 
62.Kf3 Qg4+ 63.Ke3 Qg3+ 64.Ke2 Qg2+ 1/2-1/2

[Event "Kvibergspelen 2018"]
[Site "Gothenburg"]
[Date "2018.04.20"]
[Round "4.14"]
[White "Wickstrom, Tommy"]
[Black "Storme, Isak"]
[Result "*"]
[WhiteElo "1977"]
[BlackElo "2323"]

1.d4 Nf6 2.c4 c5 3.d5 b5 4.Qc2 bxc4 5.e4 d6 6.Bxc4 g6 7.b3 Bg7 8.Bb2 O-O 
9.Nd2 Nbd7 10.f4 Nb6 11.Ngf3 e6 12.dxe6 fxe6 13.O-O-O Qc7 14.e5 Nfd5 15.
exd6 Bxb2+ 16.Qxb2 Qxd6 17.g3 Ne3 18.Ne4 Nxd1 19.Rxd1 Qe7 20.Ne5 Bb7 21.
Ng5 Bd5 22.Bd3 c4 23.Nxh7 Qxh7 24.Bxg6 Qg7 25.Kb1 cxb3 26.axb3 Rab8 27.Rc1
Na4 28.Qd4 Rxb3+ 29.Kc2 Rc8+ 30.Kd2 Rxc1 31.Qxa4 Rc8 32.Bf7+ Kh8 33.Qd7 
Rb2+ 34.Kd3 Rbc2 35.Qe7 R8c3+ 36.Kd4 Rc4+ 37.Kd3 Be4+ 38.Ke3 Kh7 39.Qh4+ 
Qh6 40.Qe7 Kh8 41.Qe8+ Kg7 42.Qe7 Kh8 43.Qe8+ Kg7 44.Qe7 Qf6 45.Qe8 Bh7 
46.Qd7 R4c3+ 47.Kd4 Rd3# *

[Event "Kvibergspelen 2018"]
[Site "Gothenburg"]
[Date "2018.04.22"]
[Round "7.1"]
[White "Blomqvist, Erik"]
[Black "Lindberg, Bengt"]
[Result "1-0"]
[WhiteElo "2494"]
[BlackElo "2385"]

1.Nf3 Nf6 2.c4 c5 3.Nc3 e6 4.g3 b6 5.Bg2 Bb7 6.O-O Be7 7.d4 cxd4 8.Qxd4 d6
9.Rd1 a6 10.Bg5 Nbd7 11.Qd2 O-O 12.Bf4 Ne8 13.Rac1 Rc8 14.b3 Qc7 15.Qe3 
Qb8 16.Bh3 Bxf3 17.exf3 Ne5 18.Qe2 Nf6 19.Be3 g6 20.f4 Ned7 21.Bd4 Rfe8 
22.Ne4 Nxe4 23.Qxe4 Rcd8 24.b4 Bf8 25.a3 a5 26.Qc6 Qa7 27.Qb5 Qc7 28.Bg2 
Rc8 29.Be3 axb4 30.axb4 Red8 31.Rd3 Be7 32.Ra3 d5 33.cxd5 Qxc1+ 34.Bxc1 
Rxc1+ 35.Bf1 Nf6 36.dxe6 Rdd1 37.Kg2 Rxf1 38.Ra7 Rg1+ 39.Kh3 Kf8 40.Qg5 
fxe6 41.Qh6+ Kf7 42.Rxe7+ Kxe7 43.Qg7+ Kd6 44.Qxf6 Rc7 45.b5 Rd7 46.Qf8+ 
Kc7 47.Qa8 Rgd1 48.Qc6+ Kd8 49.Qxe6 R1d6 50.Qe5 Kc8 51.f5 gxf5 52.Qxf5 Rd5
53.Qe6 Rd6 54.Qe4 Rd5 55.f4 Kc7 56.Qa4 Kd6 57.Qa3+ Ke6 58.Qe3+ Kf5 59.Qxb6
R7d6 60.Qc7 Rh6+ 61.Kg2 Rd2+ 62.Kf3 Rd3+ 63.Ke2 Rdd6 64.Qc8+ Ke4 65.Qc2+ 
Kd4 66.Kf3 Rb6 67.Qc7 Rbe6 68.h4 Kd3 69.h5 Kd2 70.Kg4 Rb6 71.Kg5 Ke3 72.g4
Kf3 73.Qc3+ Kg2 74.Qd2+ Kg3 75.Qd3+ Kg2 76.Kh4 Rbd6 77.Qe2+ Kg1 78.Kg3 1-0

[Event "Kvibergspelen 2018"]
[Site "Gothenburg"]
[Date "2018.04.22"]
[Round "7.19"]
[White "Moller, Mikael"]
[Black "Subramanian, Aditya"]
[Result "1/2-1/2"]
[WhiteElo "1962"]
[BlackElo "2128"]

1.e4 e5 2.Nf3 Nc6 3.d4 exd4 4.Nxd4 Bc5 5.Nb3 Bb6 6.Nc3 Nf6 7.Bg5 d6 8.Qe2 
h6 9.Bh4 g5 10.Bg3 Qe7 11.O-O-O Bd7 12.f3 O-O-O 13.Na4 Nh5 14.Nxb6+ axb6 
15.Bf2 Ne5 16.Nd4 g4 17.Kb1 Qf6 18.Qe3 c5 19.Qb3 Kc7 20.h3 gxh3 21.g4 Nf4 
22.Bxh3 Bc6 23.Bf1 cxd4 24.Bxd4 Qe6 25.Qxb6+ Kd7 26.Bb5 Ke7 27.Bxe5 dxe5 
28.Bxc6 bxc6 29.Qc5+ Rd6 30.Rd2 Rd8 31.Rhd1 f6 32.a4 Nh3 33.a5 Ng5 34.Rxd6
Rxd6 35.a6 Nf7 36.Rxd6 Nxd6 37.Qxc6 Nc8 38.Qc5+ Ke8 39.a7 Nxa7 40.Qxa7 Qc4
41.Qa8+ Ke7 42.Qb7+ Ke8 43.Qb3 Qf1+ 44.Ka2 Qa6+ 45.Qa3 Qc4+ 46.Qb3 Qa6+ 
47.Qa3 Qc4+ 1/2-1/2

[Event "Kvibergspelen 2018"]
[Site "Gothenburg"]
[Date "2018.04.22"]
[Round "8.8"]
[White "Nilsson, Anders"]
[Black "Wengholm, Anders"]
[Result "1/2-1/2"]
[WhiteElo "2217"]
[BlackElo "2158"]

1.d4 Nf6 2.c4 e6 3.Nc3 Bb4 4.e3 O-O 5.Bd3 c5 6.Ne2 d5 7.cxd5 exd5 8.f3 Nc6
9.a3 Bxc3+ 10.bxc3 Re8 11.O-O b6 12.Ng3 Be6 13.Nf5 Bxf5 14.Bxf5 Qd6 15.Rb1
Rad8 16.Qa4 Re7 17.Bd2 Rc7 18.Be1 Na5 19.Bg3 Qc6 20.Qb5 Re7 21.dxc5 Qxc5 
22.Qxc5 bxc5 23.Kf2 Nc4 24.Rfe1 Nxa3 25.Ra1 Nc4 26.Ra4 g6 27.Bh4 Kg7 28.
Bc2 Rb8 29.Re2 Rb2 30.e4 Nb6 31.Ra6 dxe4 32.fxe4 Rd7 33.Kf3 h6 34.Bf2 Rc7 
35.Ra5 Nfd7 36.Bg3 Rb7 37.Bd3 Rxe2 38.Bxe2 c4 39.Bf2 f6 40.Bd4 Rc7 41.Ke3 
Kf7 42.h4 h5 43.Ra6 Ke7 44.g3 Nc8 45.g4 hxg4 46.Bxg4 Nd6 47.Bxa7 Ne5 48.
Bh3 f5 49.Bb8 Rc6 50.Bxd6+ Kxd6 51.Rxc6+ Nxc6 52.exf5 gxf5 53.Bxf5 Ke5 54.
Be4 Na7 55.h5 Kf6 56.Kd4 Nb5+ 57.Kxc4 Nxc3 1/2-1/2